| 000 | 00397nam a2200157Ia 4500 | ||
|---|---|---|---|
| 008 | 230711s9999||||xx |||||||||||||| ||und|| | ||
| 041 | _aENG | ||
| 082 |
_a510 _bRE-E |
||
| 100 | _aReddick,Harry Wilfred | ||
| 245 | 0 | _aAdvanced engineering Mathematics | |
| 250 | _a1st . Ed. | ||
| 260 |
_c1990 _aNew Delhi _bS.K Kataria & Sons |
||
| 650 | _aMathematics | ||
| 700 | _aMiller,Frederic Howell | ||
| 942 | _cBK | ||
| 999 |
_c5 _d5 |
||